Rozvojové krajiny a kreatívny priemysel

V príspevku autorka analyzuje, ktoré odvetvia kreatívneho priemyslu prevládajú v rozvojových krajinách a akým spôsobom prispievajú k ich hospodárstvu.

Guardado en:
Detalles Bibliográficos
Autor principal: Baculáková, Kristína, 1988-
Formato: Capítulo de libro
Lenguaje:eslovaco
Materias:
Etiquetas: Agregar Etiqueta
Sin Etiquetas, Sea el primero en etiquetar este registro!

MARC

LEADER 00000nla a2200000 4500
001 0199005
005 20240502073349.1
041 0 |a slo 
044 |a SK 
245 1 0 |a Rozvojové krajiny a kreatívny priemysel  |c Kristína Baculáková 
520 |a V príspevku autorka analyzuje, ktoré odvetvia kreatívneho priemyslu prevládajú v rozvojových krajinách a akým spôsobom prispievajú k ich hospodárstvu. 
610 2 0 |a priemysel kreatívny 
610 2 0 |a pojmy 
610 2 0 |a definície 
610 2 0 |a remeslá 
610 2 0 |a výroba ručná 
610 2 0 |a krajiny rozvojové 
610 2 0 |a rast hospodársky 
100 1 |a Baculáková, Kristína, 1988-